01059nam0a22002651 4500001001000000005001700010035002600027100004100053101000800094102000700102105001800109200010700127210004500234215002200279225003200301300009900333327007200432464008200504464005200586517003000638700006400668801001800732801002200750852002100772rc\96993520250622062154.0 a(NLR Aleph) 006138982 a20041129d1982 |||y0rusy50 ca0 arus aRU aa |||||||||1 aКолючие дождиeСтихиfРаиса Горбачеваg[Худож. А. Цыганок] aФрунзеcКыргызстанd1982 a47 с.cил.d161 aКнижный дебют aВлож. с 3-мя др. кн. в обертку с загл.: Мелодии любви. [1]0 aЦиклы: Сердца святая сила; Боль крыла 012001#$aСердца святая силаtСердца святая сила 012001#$aБоль крылаtБоль крыла0 aМелодии любви 1aГорбачеваbР.В.gРаиса Викторовна 0aRUbNLRgpsbo 1aRUbELAR2rusmarc aNLRj82-2/3300-1